书目信息 |
| 题名: |
二级注册结构工程师专业考试应试指导
|
|
| 作者: | 孙惠镐 , 叶锦秋 编 | |
| 分册: | ||
| 出版信息: | 北京 中国建材工业出版社 2000.03 |
|
| 页数: | 311页 | |
| 开本: | 16开 | |
| 丛书名: | ||
| 单 册: | ||
| 中图分类: | TU3 | |
| 科图分类: | ||
| 主题词: | 建筑结构 | |
| 电子资源: | ||
| ISBN: | 7-80090-985-9 | |
| 000 | 00646nam0 2200205 45 | |
| 001 | 0006211559 | |
| 005 | 20010317160146.9 | |
| 010 | @a7-80090-985-9@d42.50元 | |
| 100 | @a20000621d2000 km y0chiy0120 ea | |
| 101 | 0 | @achi |
| 105 | @a z 000yy | |
| 200 | 1 | @a二级注册结构工程师专业考试应试指导@AEr Ji Zhu Ce Jie Gou Gong Cheng Shi Zhuan Ye Kao ShiYing Shi Zhi Dao@f孙惠镐,叶锦秋编@FSun Hui Gao,Ye Jin Qiu Bian |
| 210 | @a北京@c中国建材工业出版社@d2000.03 | |
| 215 | @a311页@d16开 | |
| 606 | 0 | @a建筑结构 |
| 690 | @aTU3@v3 | |
| 701 | 0 | @a孙惠镐@4编 |
| 701 | 0 | @a叶锦秋@4编 |
| 801 | @aCN@bPftUser@c20000621 | |
| 905 | @dTU3@eS268@b330001-002@f2 | |
| 二级注册结构工程师专业考试应试指导/孙惠镐,叶锦秋编.-北京:中国建材工业出版社,2000.03 |
| 311页;16开 |
| ISBN 7-80090-985-9:42.50元 |
| ● |
| 相关链接 |
|
|
|
正题名:二级注册结构工程师专业考试应试指导
索取号:TU3/S268
 
预约/预借
| 序号 | 登录号 | 条形码 | 馆藏地/架位号 | 状态 | 备注 |
| 1 | 330001 | 203300016 | 自科二线404/101建筑库 39排6列1层/ [索取号:TU3/S268] | 在馆 | |
| 2 | 330002 | 203300025 | 自科二线404/404自科库 25排5列2层/ [索取号:TU3/S268] | 在馆 |